000
00471nam a2200133Ia 4500
008
090124s9999 xx 000 0 und d
082
_b
17966
_a
783
245
_a
प्रतिज्ञा नाटकातील गीतपर्व
250
_a
0
300
_a
18
630
_a
प्रतिज्ञा नाटकातील गीतपर्व
730
_a
प्रतिज्ञा नाटकातील गीतपर्व
942
_c
BOOK
999
_c
131907
_d
131907